000 00334nam a2200133Ia 4500
008 151213s9999 xx 000 0 und d
245 _a1968 Reader's Digest Almend and Yearbook
250 _a1st
260 _aU. S. A.
_bThe Reader's Digest
_c1967
300 _a3783 p.
650 _aReference
650 _aReference
999 _c2495
_d2495